| 000 | 00449nam a2200145Ia 4500 | ||
|---|---|---|---|
| 008 | 230917s9999||||xx |||||||||||||| ||und|| | ||
| 040 |
_e39939 _aMAIN |
||
| 041 | _aEnglish | ||
| 082 | _a823.709 B392R | ||
| 100 | _aBeer, Patricia | ||
| 245 | 0 | _aReader, I married him: A study of the woman characters of Jane Austen, Charlotte Bronte, Elizabeth Goskell and George Eliot | |
| 260 |
_aLondon _bMacmillan _c1980 |
||
| 300 | _aix, 213 p. | ||
| 942 | _cBK | ||
| 999 |
_c203636 _d203636 |
||